Zavedenie eura a jeho vplyv na spotrebiteľské správanie diplomová práca

Enregistré dans:
Détails bibliographiques
Auteur principal: Švorc, Peter
Collectivité auteur: Obchodná fakulta EU. Katedra marketingu
Autres auteurs: Štofilová, Jana
Format: Livre
Langue:slovaque
Publié: Bratislava 2009
Tags: Ajouter un tag
Pas de tags, Soyez le premier à ajouter un tag!

MARC

LEADER 00000nam$a2200000$$$4500
001 0098039
005 20240318135559.1
041 0 |a slo 
044 |a SK 
245 1 0 |a Zavedenie eura a jeho vplyv na spotrebiteľské správanie  |b diplomová práca  |c Peter Švorc ; škol. Jana Štofilová 
264 1 |a Bratislava  |c 2009 
300 |a 66 s. 
100 1 |a Švorc, Peter 
700 1 |a Štofilová, Jana 
710 2 |a Obchodná fakulta EU. Katedra marketingu